Dirk Bogarde Filmography - Statistics

General Stats
  • This quiz has been taken 9 times
    5 since last reset
  • The average score is 15 of 80
Answer Stats
Type Year Name % Correct
Film 1954 Doctor in the House
75%
Film 1955 Doctor at Sea
50%
Film 1966 Modesty Blaise
50%
Film 1967 Our Mother's House
50%
Film 1950 The Blue Lamp
50%
Film 1974 The Night Porter
50%
Film 1963 The Servant
50%
Film 1961 The Singer Not the Song
50%
Film 1961 Victim
50%
Film 1977 A Bridge Too Far
25%
Film 1967 Accident
25%
Film 1958 A Tale of Two Cities
25%
TV Film 1966 Blithe Spirit
25%
Film 1957 Campbell's Kingdom
25%
Film 1955 Cast a Dark Shadow
25%
Film 1990 Daddy Nostalgia
25%
Film 1965 Darling
25%
Film 1971 Death in Venice
25%
Film 1978 Despair
25%
Film 1953 Desperate Moment
25%
Film 1957 Doctor at Large
25%
Film 1963 Doctor in Distress
25%
Film 1962 H.M.S. Defiant
25%
Film 1964 Hot Enough for June
25%
Film 1952 Hunted
25%
Film 1963 I Could Go On Singing
25%
Film 1957 Ill Met by Moonlight
25%
Film 1969 Justine
25%
Film 1964 King and Country
25%
Film 1959 Libel
25%
TV Film 1986 May We Borrow Your Husband?
25%
Film 1949 Once a Jolly Swagman
25%
Film 1975 Permission to Kill
25%
Film 1977 Providence
25%
Film 1968 Sebastian
25%
Film 1955 Simba
25%
Film 1950 So Long at the Fair
25%
Film 1960 Song Without End
25%
Film 1969 The Damned
25%
Film 1952 The Gentle Gunman
25%
Film 1964 The High Bright Sun
25%
Film 1963 The Mind Benders
25%
Film 1962 The Password Is Courage
25%
Film 1954 The Sea Shall Not Have Them
25%
Film 1954 The Sleeping Tiger
25%
Film 1956 The Spanish Gardener
25%
Film 1958 The Wind Cannot Read
25%
Film 1950 The Woman in Question
25%
Film 1954 They Who Dare
25%
Film 1953 Appointment in London
0%
Film 1951 Blackmailed
0%
Film 1949 Boys in Brown
0%
Film 1939 Come On George!
0%
Film 1947 Dancing with Crime
0%
Film 1949 Dear Mr. Prohack
0%
TV Documentary 1992 Dirk Bogarde: By Myself
0%
Film 1948 Esther Waters
0%
Film 1954 For Better, for Worse
0%
Documentary Series 1987, 1992 Forty Minutes
0%
Documentary Series 1985 Le Louvre, le Plus Grand Musée du Monde
0%
TV Film 1964 Little Moon of Alban
0%
Film 1973 Night Flight from Moscow
0%
Film 1969 Oh! What a Lovely War
0%
Film 1952 Penny Princess
0%
Theater 1950-1951 Point of Departure
0%
TV Film 1947 Power Without Glory
0%
Film 1948 Quartet
0%
TV Film 1947 Rope
0%
TV Documentary 1983 Schindler: The Real Story
0%
Theater 1955-1956 Summertime
0%
Film 1960 The Angel Wore Red
0%
Film 1958 The Doctor's Dilemma
0%
TV Documentary 1965 The Epic That Never Was
0%
Film 1968 The Fixer
0%
TV Film 1981 The Patricia Neal Story
0%
TV Film 1987 The Vision
0%
Theater 1952 The Vortex
0%
TV Mini-Series 1966 Thirty Years After
0%
TV Film 1970 Upon This Rock
0%
Film 1962 We Joined the Navy
0%
No matching quizzes found
Score Distribution
Percent of People with Each Score
Percentile by Number Answered
Your Score History
You have not taken this quiz since the last reset